STN EN 1729-2: 2012 (91 0846) [neplatná], Nábytok. Stoličky a stoly pre školské zariadenia Časť 2 Bezpečnostné požiadavky a skúšobné metódy
Táto norma je slovenskou verziou európskej normy EN 1729-2: 2012. Preklad zabezpečil Slovenský ústav technickej normalizácie. Má rovnaké postavenie ako majú oficiálne verzie
| Korporatívny autor: | |
|---|---|
| Ďalší autori: | |
| Médium: | Kniha |
| Jazyk: | slovenčina angličtina |
| Fyzický popis: | 24 s. obr., tab. 30 cm |
| Vydavateľské údaje: |
Bratislava
Slovenský ústav technickej normalizácie
2012
|
| Predmet: |
MARC
| LEADER | 00000cam a2200000 a 4500 | ||
|---|---|---|---|
| 001 | vtls010449920 | ||
| 003 | SK-MaSNL | ||
| 005 | 20260301085532.0 | ||
| 008 | 130117s2012 xo a f u 000 0 slo | ||
| 015 | |a SNBN2013 | ||
| 020 | |c (cen. skup. 4) | ||
| 040 | |a SNK |b slo |c SNK |e AACR2 | ||
| 041 | 1 | |a slo |h eng | |
| 044 | |a xo |c SK | ||
| 046 | |a m |m 201209 (účin.) |n 20160701 (zruš.) | ||
| 072 | 7 | |a 645 |x Nábytok |2 konspekt | |
| 080 | |a 645.4/.6 |2 2001 | ||
| 080 | |a 006.7/.8 |2 2001 | ||
| 080 | |a (437.6) |2 2001 | ||
| 080 | |a (4) |2 2001 | ||
| 080 | |a 645.41 |2 2001 | ||
| 084 | |a 97.140 |2 ICS | ||
| 130 | 0 | |a STN 91 0846 (STN EN 1729-2) [neplatná] |9 415782 | |
| 245 | 1 | 0 | |a STN EN 1729-2: 2012 (91 0846) [neplatná], Nábytok. Stoličky a stoly pre školské zariadenia |n Časť 2 |p Bezpečnostné požiadavky a skúšobné metódy |
| 246 | 1 | 0 | |a Nábytok |
| 246 | 1 | 0 | |a Stoličky a stoly pre školské zariadenia. Časť 2 |
| 246 | 1 | 0 | |a Bezpečnostné požiadavky a skúšobné metódy |
| 246 | 3 | 0 | |a EN 1729-2: 2012 E |
| 260 | |a Bratislava |b Slovenský ústav technickej normalizácie |c 2012 | ||
| 300 | |a 24 s. |b obr., tab. |c 30 cm | ||
| 500 | |a Súbežný názov v angličtine, francúzštine, nemčine | ||
| 500 | |a Táto norma nahrádza STN EN 1729-2 z februára 2007 v celom rozsahu | ||
| 500 | |a Spracovateľ: Technická univerzita Zvolen, Drevárska fakulta, Pavol Joščák | ||
| 500 | |a Norma je nahradená normou STN EN 1729-2+A1 z júla 2016 v celom rozsahu | ||
| 504 | |a Citované normy, súvisiace právne predpisy s. 2 | ||
| 520 | 8 | |a Táto norma je slovenskou verziou európskej normy EN 1729-2: 2012. Preklad zabezpečil Slovenský ústav technickej normalizácie. Má rovnaké postavenie ako majú oficiálne verzie | |
| 540 | |a STN vydané na akomkoľvek nosiči sa môžu rozmnožovať a rozširovať iba so súhlasom určenej právnickej osoby |b SÚTN Bratislava |c zákon 264/1999 Z. z. | ||
| 650 | 0 | 7 | |a nábytok |2 SNKPH |9 3744 |
| 650 | 0 | 7 | |a technické normy a štandardy |z Slovensko |2 SNKPH |9 79594 |
| 650 | 0 | 7 | |a technické normy a štandardy |z krajiny Európskej únie |2 SNKPH |9 289341 |
| 650 | 0 | 7 | |a školský nábytok |2 SNKPH |9 415783 |
| 650 | 0 | 7 | |a Furniture |2 SNKPHeng |9 300443 |
| 655 | 7 | |a normy |2 SNKPH |9 70643 | |
| 700 | 1 | |a Joščák, Pavol, |d 1951- |4 trl |9 223772 | |
| 710 | 2 | |a Technická univerzita vo Zvolene. |b Drevárska fakulta |4 trl |9 32731 | |
| 710 | 2 | |a Slovenský ústav technickej normalizácie (Bratislava, Slovensko). |b Technická komisia č. 16 Drevárske výrobky |4 stn |9 319023 | |
| 774 | 1 | 8 | |t STN EN 1729-2: 2007 |d Bratislava: Slovenský ústav technickej normalizácie, 2007 |w vtls009870056 |
| 852 | |a Štátna vedecká knižnica v Banskej Bystrici | ||
| 958 | |a OP | ||
| 958 | |a NB | ||
| 999 | |c 666014 |d 667944 | ||
| 952 | |a SNK |b SNK |y PREZ |7 0 |p 17A1050124 |o snkSTN EN 1729-2 |i snk2012/19000 |8 0 |0 0 |1 0 |4 0 |d 2012-09-26 |l 0 |r 2026-02-23 19:09:05 |w 2026-02-23 | ||
| 952 | |a SNK |b SNK |y PREZ |7 0 |p 17A1050123 |o snkSTN EN 1729-2 D1 |i snk2012/19001 |8 0 |0 0 |1 0 |4 0 |d 2012-09-26 |l 0 |r 2026-02-23 19:09:05 |w 2026-02-23 | ||


